000 00717nam a2200121 a 4500
001 000015110
005 20200929163947.0
008 130912s dr 000 0 spa d
040 _aDO-SdBNP
_bspa
_cBNPHU
245 0 0 _aParte electoral de la constitución 2010 :
_bley electoral 275-97 (mod. por leyes 32-99,12-00,144-02 y 289-05) ; ley no. 29-11(del tribunal superior electoral); ley no. 2-03(que modifica varios arts. a la ley electoral, derogada por la ley 29-11) ;ley no. 37-10 sobre elección de diputados nacionales ; ley no. 8-92 sobre cédula de identidad y electoral ; ley no. 136-11 elecciones diputados(as) en el exterior /.
260 _aMoca, República Dominicana,
_c[201u].
300 _a118, 8 p. ;
_c23 cm.
999 _c14682
_d14682